[Event "Challenge"]
[Site "http://www.queenalice.com/game.php?id=932929"]
[Date "2011.5.2"]
[Round "-"]
[White "Endgamer"]
[Black "carver"]
[Result "1-0"]
[WhiteElo "1823"]
[BlackElo "1949"]

1. d4 d5 2. Nf3 Nc6 3. c4 Nf6 4. Bg5 Bg4 5. Nc3 e6 6. cxd5 exd5 7. Bxf6 gxf6 8.
a3 Ne7 9. b4 c6 10. e4 dxe4 11. Nxe4 Nd5 12. Bc4 f5 13. Bxd5 cxd5 14. Ned2 Qe7+
15. Qe2 Qxe2+ 16. Kxe2 Bh6 17. Nb3 Bxf3+ 18. Kxf3 Rc8 19. Nc5 b6 20. Rhe1+ Kd8
21. Na6 Rc3+ 22. Ke2 Re8+ 23. Kf1 Rxe1+ 24. Kxe1 Bg7 25. a4 Bxd4 26. Kd2 Rc2+
27. Kxc2 Bxa1 28. b5 d4 29. Kd3 Bc3 30. Nb8 Kc7 31. Nc6 Kd6 32. Kc4 f6 33. Nxa7
Ke5 34. Kd3 Kd5 35. Nc6 f4 36. f3 Bb2 37. Nb8 Kd6 38. Kc4 d3 39. Kxd3 Kc5 40.
Nd7+ Kb4 41. Nxb6 Ka5 42. Nc4+ 1-0

[Event "Challenge"]
[Site "http://www.queenalice.com/game.php?id=938985"]
[Date "2011.5.17"]
[Round "-"]
[White "filomenos"]
[Black "Endgamer"]
[Result "0-1"]
[WhiteElo "1879"]
[BlackElo "1844"]

1. d4 d5 2. g3 Nf6 3. Bg2 c5 4. Nf3 Nc6 5. O-O Bg4 6. c3 c4 7. Bf4 e6 8. Nbd2
Be7 9. Qc2 a6 10. b3 b5 11. b4 Bf5 12. Qc1 Nd7 13. Re1 O-O 14. a4 Bf6 15. a5 e5
16. dxe5 Ndxe5 17. Nxe5 Nxe5 18. Bxe5 Bxe5 19. Nf3 Bf6 20. Qf4 Be4 21. Qc1 Re8
22. e3 Qd7 23. Nd4 Bd3 24. Rd1 Rac8 25. Nf3 Qf5 26. Ne1 Be2 27. Rd2 Bh5 28. Rxd5
Qg6 29. Qc2 Qxc2 30. Nxc2 Bxc3 31. Ra3 Bb2 32. Ra2 Be5 33. Nd4 Bg6 34. e4 Rcd8
35. Rd2 c3 36. Rxd8 Rxd8 37. Rc2 Bxd4 38. Kf1 f5 39. exf5 Bxf5 40. Rc1 c2 41.
Ke2 Bb2 0-1

[Event "Challenge"]
[Site "http://www.queenalice.com/game.php?id=938986"]
[Date "2011.5.17"]
[Round "-"]
[White "Endgamer"]
[Black "filomenos"]
[Result "1-0"]
[WhiteElo "1807"]
[BlackElo "1797"]

1. e4 d5 2. exd5 Qxd5 3. Nc3 Qe6+ 4. Qe2 Qxe2+ 5. Bxe2 c6 6. Nf3 g6 7. O-O Bg7
8. d4 Nf6 9. Ne5 Nbd7 10. Bf4 O-O 11. Rad1 Nxe5 12. dxe5 Nd7 13. e6 fxe6 14. Bg5
Bf6 15. Bh6 Rf7 16. Bc4 Ne5 17. Rd8+ Rf8 18. Rxf8# 1-0

[Event "Challenge"]
[Site "http://www.queenalice.com/game.php?id=948881"]
[Date "2011.6.12"]
[Round "-"]
[White "carver"]
[Black "Endgamer"]
[Result "1/2-1/2"]
[WhiteElo "1901"]
[BlackElo "1861"]

1. d4 Nf6 2. c4 e6 3. a3 d5 4. Nc3 c6 5. c5 Nbd7 6. Bg5 Be7 7. Nf3 Qc7 8. e3 O-O
9. Bd3 e5 10. Bf5 e4 11. Bf4 Qd8 12. Nd2 Re8 13. O-O Nf8 14. Bxc8 Qxc8 15. b4
Ng6 16. Bg3 Ng4 17. h3 Nh6 18. Ne2 Qd8 19. f3 f5 20. fxe4 fxe4 21. Bf4 Bg5 22.
Qe1 Rf8 23. Bxg5 Rxf1+ 24. Nxf1 Qxg5 25. Qg3 Qh5 26. Nf4 Nxf4 27. Qxf4 Qf5 28.
Ng3 Qxf4 29. exf4 Rf8 30. Ne2 Nf5 31. g4 Nh4 32. f5 g6 33. fxg6 hxg6 34. Rf1
1/2-1/2

[Event "Challenge"]
[Site "http://www.queenalice.com/game.php?id=967952"]
[Date "2011.8.2"]
[Round "-"]
[White "Endgamer"]
[Black "carver"]
[Result "0-1"]
[WhiteElo "1863"]
[BlackElo "1961"]

1. e4 e5 2. Nf3 Nc6 3. Bb5 d6 4. d4 a6 5. Bxc6+ bxc6 6. dxe5 Bg4 7. exd6 cxd6 8.
Nbd2 Nf6 9. O-O g6 10. b3 Bg7 11. Bb2 O-O 12. Re1 Re8 13. Re3 Bxf3 14. Qxf3 Nxe4
15. Nxe4 Bxb2 16. Rd1 d5 17. Nc5 Rxe3 18. fxe3 Qf6 19. Qh3 Qc3 20. Nd7 Qxc2 21.
Rf1 Rd8 22. Nf6+ Bxf6 23. Rxf6 Qb1+ 24. Rf1 Qxa2 25. Qh4 Rf8 26. Qb4 Qe2 27. Qd4
Re8 28. Qf4 Qxe3+ 0-1

[Event "Challenge"]
[Site "http://www.queenalice.com/game.php?id=986626"]
[Date "2011.9.18"]
[Round "-"]
[White "albemo"]
[Black "Endgamer"]
[Result "0-1"]
[WhiteElo "1883"]
[BlackElo "1851"]

1. c4 e6 2. Nc3 Nf6 3. Nf3 d5 4. cxd5 exd5 5. d4 Bf5 6. Bg5 Be7 7. e3 Nbd7 8.
Bd3 Bg6 9. O-O O-O 10. Qc2 c5 11. Bxg6 fxg6 12. Rad1 cxd4 13. Nxd4 Rf7 14. Rc1
Nb6 15. b3 Rc8 16. Qe2 Qd7 17. Rc2 h6 18. Bh4 g5 19. Bg3 Ne4 20. Nxe4 dxe4 21.
Rfc1 Ba3 22. Rxc8+ Nxc8 23. Qc2 Bxc1 24. Qxc1 Nd6 25. Bxd6 Qxd6 26. Qc4 Qf6 27.
Qe2 Rc7 28. g4 a6 29. Nf5 Rc1+ 30. Kg2 g6 31. Qd2 Rc7 32. Qd5+ Kh7 33. Nd4 Rf7
0-1

[Event "Challenge"]
[Site "http://www.queenalice.com/game.php?id=988182"]
[Date "2011.9.21"]
[Round "-"]
[White "carver"]
[Black "Endgamer"]
[Result "1-0"]
[WhiteElo "2043"]
[BlackElo "1868"]

1. d4 d5 2. c4 dxc4 3. Nc3 Nf6 4. e4 e5 5. dxe5 Qxd1+ 6. Kxd1 Nfd7 7. Nf3 Bc5 8.
Bxc4 O-O 9. e6 Nb6 10. exf7+ Kh8 11. Bb3 Bg4 12. e5 Nc6 13. e6 Nd4 14. Re1 Nxf3
15. gxf3 Bxf3+ 16. Kc2 Be7 17. Re3 Bg4 18. Bd2 c6 19. Rg1 Bf5+ 20. Kc1 Rad8 21.
Reg3 Bf6 22. Bg5 Bxg5+ 23. Rxg5 Bxe6 24. Bxe6 g6 25. f4 Nc8 26. f5 Ne7 27. fxg6
hxg6 28. h4 Rd6 29. Bb3 Rf6 30. h5 Kg7 31. Ne4 Rf5 32. Rxf5 Nxf5 33. Rxg6+ 1-0

[Event "Hi, there!"]
[Site "http://www.queenalice.com/game.php?id=991200"]
[Date "2011.9.29"]
[Round "-"]
[White "tcmaclei"]
[Black "Endgamer"]
[Result "1-0"]
[WhiteElo "1791"]
[BlackElo "1859"]

1. Nf3 d5 2. d4 Nf6 3. Nc3 c5 4. e3 Bg4 5. Be2 Nbd7 6. O-O cxd4 7. exd4 h6 8.
Ne5 Bxe2 9. Qxe2 e6 10. a3 a6 11. b4 Be7 12. b5 Nxe5 13. dxe5 Nd7 14. a4 Nb6 15.
bxa6 bxa6 16. a5 Nc4 17. Be3 Bb4 18. Na4 Nxe5 19. Nb6 Ra7 20. Nxd5 Rb7 21. Nxb4
Rxb4 22. Bc5 Rb5 23. Qxe5 Qf6 24. Qc7 Qd8 25. Qa7 Qd7 26. Qxd7+ Kxd7 27. Rfd1+
Kc6 28. Bd4 e5 29. c4 Rb4 30. Bxe5 f6 31. Rd6+ Kc5 32. Bg3 Rxc4 33. Rxa6 Rc8 34.
h3 Kd5 35. Rd6+ Kc5 36. a6 1-0

[Event "Challenge"]
[Site "http://www.queenalice.com/game.php?id=995980"]
[Date "2011.10.11"]
[Round "-"]
[White "ORNELAS"]
[Black "Endgamer"]
[Result "0-1"]
[WhiteElo "1556"]
[BlackElo "1840"]

1. e4 c6 2. e5 d6 3. Nf3 Bg4 4. Be2 Bxf3 5. Bxf3 dxe5 6. d3 Nf6 7. a3 Nbd7 8. b4
e6 9. Bb2 Bd6 10. c4 O-O 11. c5 Bc7 12. O-O Nd5 13. Bxd5 exd5 14. d4 e4 15. Nd2
f5 16. Qh5 Qe8 17. Qg5 f4 18. f3 e3 19. Rae1 Bd8 20. Qg4 h5 21. Qh3 Qf7 22. Nb3
Re8 23. Re2 Nf8 24. g4 hxg4 25. Qxg4 Qg6 26. Qxg6 Nxg6 27. Bc1 Nh4 28. h3 Re6
29. Kh2 a5 30. bxa5 Bxa5 31. Nxa5 Rxa5 32. Bb2 Rg6 33. Ree1 Rg2+ 34. Kh1 Rxb2
35. Ra1 Ra4 36. Rg1 Nxf3 37. Rg2 Rxd4 0-1

[Event "Challenge"]
[Site "http://www.queenalice.com/game.php?id=1020387"]
[Date "2012.1.30"]
[Round "-"]
[White "Endgamer"]
[Black "carver"]
[Result "0-1"]
[WhiteElo "1845"]
[BlackElo "2085"]

1. d4 d5 2. Nf3 c5 3. c3 Nc6 4. Bf4 Bf5 5. Nbd2 e6 6. e3 Bd6 7. Bxd6 Qxd6 8. Qb3
c4 9. Qb5 Rb8 10. Ne5 a6 11. Qa4 Nf6 12. Be2 O-O 13. O-O Nxe5 14. dxe5 Qxe5 15.
Nf3 Qe4 16. Rac1 h6 17. Bd1 Qg4 18. Nd4 Qg6 19. Nxf5 Qxf5 20. Bc2 Qe5 21. Rfe1
Ng4 22. g3 Qh5 23. h4 g5 24. Bd1 gxh4 25. Bxg4 Qxg4 26. Qd1 Qg5 27. Qf3 hxg3 28.
Qxg3 Qxg3+ 29. fxg3 f5 30. Rf1 Rf7 31. Rf2 Rg7 32. Kh2 Kh7 33. Rg1 Rbg8 34. Rfg2
Rg4 0-1

[Event "Challenge"]
[Site "http://www.queenalice.com/game.php?id=1060630"]
[Date "2012.5.17"]
[Round "-"]
[White "Endgamer"]
[Black "carver"]
[Result "1/2-1/2"]
[WhiteElo "1839"]
[BlackElo "1991"]

1. Nf3 d5 2. d4 Nc6 3. Bf4 Bf5 4. c3 e6 5. e3 a6 6. Bd3 Bxd3 7. Qxd3 Bd6 8. Bg3
Nge7 9. O-O Bxg3 10. fxg3 O-O 11. Nbd2 Ng6 12. e4 Nce7 13. h4 Qd6 14. e5 Qb6 15.
b3 Nc6 16. h5 Ngxe5 17. Nxe5 Nxe5 18. Qe2 Nd7 19. Nf3 h6 20. Kh2 Qd6 21. Rae1
Nf6 22. Ne5 Ne4 23. Qe3 Rad8 24. Re2 c6 25. Rf3 Ng5 26. Rf4 Ne4 27. Ng4 Ng5 28.
Ne5 Ne4 29. Rg4 Ng5 30. Rf4 1/2-1/2

[Event "Challenge"]
[Site "http://www.queenalice.com/game.php?id=1088207"]
[Date "2012.7.28"]
[Round "-"]
[White "plot24"]
[Black "Endgamer"]
[Result "0-1"]
[WhiteElo "1403"]
[BlackElo "1865"]

1. d4 Nf6 2. c4 c6 3. Nc3 d5 4. e3 Bf5 5. Nf3 Nbd7 6. Be2 e6 7. O-O dxc4 8. Bxc4
Nd5 9. Bxd5 cxd5 10. Bd2 a6 11. Re1 Bd6 12. Rc1 O-O 13. Ne2 Rc8 14. Bc3 Nf6 15.
Ne5 Ne4 16. f3 Nxc3 17. Rxc3 f6 18. Nd3 Bxd3 19. Qxd3 Rc6 20. Rxc6 bxc6 21. Qxa6
Qc7 22. g3 Rb8 23. b3 c5 24. Rc1 Rb6 25. Qa4 Qc6 0-1

[Event "Challenge"]
[Site "http://www.queenalice.com/game.php?id=1090607"]
[Date "2012.8.5"]
[Round "-"]
[White "alexferreira"]
[Black "Endgamer"]
[Result "1/2-1/2"]
[WhiteElo "1928"]
[BlackElo "1867"]

1. d4 d5 2. g3 Nf6 3. Bg2 Bf5 4. Nf3 e6 5. Bg5 Nbd7 6. O-O Bd6 7. c3 O-O 8. Nbd2
Rc8 9. Nb3 c5 10. dxc5 Bxc5 11. Nxc5 Rxc5 12. Nd4 Bg6 13. Qb3 b6 14. Rfe1 Qc7
15. Bxf6 Nxf6 16. e3 Qd7 17. Rad1 Rfc8 18. Rd2 Ne4 19. Rdd1 Nd6 20. Rd2 Nc4 21.
Rdd1 Ne5 22. Rd2 Nc4 23. Rdd1 a6 24. a4 b5 25. axb5 axb5 26. Nc2 Nd6 27. Nd4 Nb7
28. Bf1 Nd6 29. Ra1 e5 30. Nc2 Ne4 31. Na3 Nd6 32. Qb4 f6 33. Red1 Be8 34. Qh4
Qb7 35. Nc2 Nf5 36. Qg4 Nh6 37. Qe2 Nf5 38. Rd2 Bf7 39. Nb4 Nd6 40. Bg2 Nc4 41.
Rdd1 Nd6 1/2-1/2

[Event "Challenge"]
[Site "http://www.queenalice.com/game.php?id=1090612"]
[Date "2012.8.5"]
[Round "-"]
[White "Endgamer"]
[Black "alexferreira"]
[Result "1-0"]
[WhiteElo "1845"]
[BlackElo "1955"]

1. d4 d5 2. Nf3 g6 3. Bf4 Bg7 4. e3 Nf6 5. Bd3 Bg4 6. Nbd2 O-O 7. O-O c6 8. Re1
Nbd7 9. e4 dxe4 10. Nxe4 Nxe4 11. Bxe4 Nb6 12. Qd3 Bxf3 13. Qxf3 Qxd4 14. c3 Qd8
15. Rad1 Qe8 16. b3 e6 17. c4 Rd8 18. Bd6 Nc8 19. Bxf8 Qxf8 20. Rxd8 Qxd8 21.
Rd1 Qc7 22. Qd3 Ne7 23. Qd8+ Qxd8 24. Rxd8+ Bf8 25. Rd7 b6 26. Rxa7 c5 27. Rb7
1-0

[Event "Challenge"]
[Site "http://www.queenalice.com/game.php?id=1103389"]
[Date "2012.9.16"]
[Round "-"]
[White "Endgamer"]
[Black "carver"]
[Result "1/2-1/2"]
[WhiteElo "1869"]
[BlackElo "2044"]

1. Nf3 d5 2. d4 Nc6 3. Bf4 Nf6 4. c3 Bf5 5. e3 a6 6. Bd3 Bg4 7. Nbd2 e6 8. Qc2
h6 9. Ne5 Nxe5 10. Bxe5 Bd6 11. Bg3 Nh5 12. Bxd6 cxd6 13. h3 Qh4 14. Qa4+ Ke7
15. Be2 Bxe2 16. Kxe2 b5 17. Qa5 Rhc8 18. Qb6 Nf6 19. g3 Nd7 20. Qxd6+ Kxd6 21.
gxh4 g6 22. e4 dxe4 23. Nxe4+ Ke7 24. Rhg1 Nf6 25. Ke3 Nxe4 26. Kxe4 Rg8 27. Rg3
a5 28. Rag1 h5 29. Rg5 Rab8 30. f4 f5+ 31. Kd3 Kf7 32. R1g2 Rbd8 33. Rc2 a4 34.
c4 bxc4+ 35. Rxc4 Ra8 36. Rg2 Ra7 37. Rgc2 Rd8 38. Rc7+ Rd7 39. Rxd7+ Rxd7 40.
Ke3 Ke7 41. Rc3 Rb7 42. b3 axb3 43. axb3 Kd7 44. Kd3 Rb4 45. Ke3 Kd6 46. Kd3 Kd5
47. Rc5+ Kd6 48. Kc3 Rb6 49. b4 Rc6 50. Kc4 Ra6 51. Kb5 Ra3 52. Kb6 Rxh3 53. b5
Rxh4 54. Rc6+ Kd5 55. Kc7 Rxf4 56. Rd6+ Kc4 57. b6 Rf3 58. b7 Rb3 59. b8=Q Rxb8
60. Kxb8 g5 61. Rxe6 Kxd4 62. Kc7 h4 63. Kd6 h3 64. Rh6 g4 65. Ke6 Ke4 66. Rh4
Kf4 67. Kf6 Kg3 68. Kg5 h2 69. Rh8 f4 70. Rh4 f3 71. Rxg4+ Kh3 1/2-1/2

[Event "Challenge"]
[Site "http://www.queenalice.com/game.php?id=1123915"]
[Date "2012.11.19"]
[Round "-"]
[White "carver"]
[Black "Endgamer"]
[Result "1-0"]
[WhiteElo "1992"]
[BlackElo "1876"]

1. d4 Nf6 2. c4 c6 3. Nc3 d5 4. cxd5 cxd5 5. Nf3 Bf5 6. Bf4 a6 7. e3 Nc6 8. Bd3
Bxd3 9. Qxd3 e6 10. a3 Be7 11. O-O Rc8 12. b4 Nh5 13. Ne2 Nxf4 14. Nxf4 O-O 15.
Ne2 Re8 16. Rfc1 Bf6 17. Ra2 e5 18. dxe5 Bxe5 19. Nxe5 Rxe5 20. Rac2 Qd7 21. Nd4
Ree8 22. Qf5 Qxf5 23. Nxf5 Re6 24. a4 g6 25. Nd4 Re4 26. b5 axb5 27. axb5 Ne7
28. Rxc8+ Nxc8 29. Rxc8+ 1-0

[Event "Challenge"]
[Site "http://www.queenalice.com/game.php?id=1155125"]
[Date "2013.2.24"]
[Round "-"]
[White "Endgamer"]
[Black "carver"]
[Result "0-1"]
[WhiteElo "1865"]
[BlackElo "1976"]

1. d4 d5 2. Nf3 c5 3. Bf4 Nc6 4. e3 a6 5. Nbd2 c4 6. c3 Bg4 7. Be2 Nf6 8. Ne5
Bxe2 9. Qxe2 e6 10. Ndf3 Bd6 11. Nxf7 Kxf7 12. Ng5+ Ke7 13. O-O h6 14. Nf3 Ne4
15. Nh4 Bxf4 16. Ng6+ Kd7 17. Nxh8 Bxh2+ 18. Kxh2 Qh4+ 19. Kg1 Rxh8 20. Qf3 Ne7
21. Rad1 Nf5 22. Qf4 Qxf4 23. exf4 Rf8 24. f3 Neg3 25. Rf2 g5 26. fxg5 hxg5 27.
Re1 Rh8 28. Rd2 Rh1+ 29. Kf2 Rxe1 30. Kxe1 Kd6 31. Kf2 e5 32. dxe5+ Kxe5 33. Rd1
Nh5 34. Re1+ Kd6 35. g4 Nf4 36. Re8 Ne7 37. Rf8 Nd3+ 38. Ke3 Nxb2 39. Rf6+ Kc7
40. Kd4 Na4 41. Rf7 Kd7 42. Rg7 Nb6 43. Rxg5 Nc6+ 44. Ke3 Ne7 45. f4 Na4 46. Kd4
b6 47. f5 Nc5 48. Rg7 Ne4 49. g5 Kd6 50. Ke3 Nxf5+ 0-1

[Event "Challenge"]
[Site "http://www.queenalice.com/game.php?id=1172923"]
[Date "2013.4.18"]
[Round "-"]
[White "zmanomega"]
[Black "Endgamer"]
[Result "0-1"]
[WhiteElo "1562"]
[BlackElo "1853"]

1. d4 d5 2. Nf3 Bg4 3. Bg5 Nd7 4. Nc3 Ngf6 5. Bxf6 Nxf6 6. Ne5 e6 7. h3 Bf5 8.
e3 Bb4 9. Qd2 Ne4 10. Qe2 O-O 11. O-O-O Nxc3 12. Qh5 Nxd1 13. Kxd1 c6 14. g4 Bg6
15. Nxg6 fxg6 16. Qe5 Qf6 17. Qxf6 Rxf6 18. f4 g5 19. fxg5 Rf2 20. h4 Raf8 21.
c3 Bd6 22. Be2 e5 23. Kd2 exd4 24. cxd4 Rh2 25. Rc1 Rff2 26. Re1 Kf7 27. a3 Kg6
28. b4 Bg3 29. Kd3 Bxh4 30. Rc1 Rxe2 31. Kc3 Bxg5 32. Kb3 Bxe3 33. Rf1 b5 0-1

[Event "Challenge"]
[Site "http://www.queenalice.com/game.php?id=1181232"]
[Date "2013.5.14"]
[Round "-"]
[White "carver"]
[Black "Endgamer"]
[Result "0-1"]
[WhiteElo "1982"]
[BlackElo "1843"]

1. d4 Nf6 2. c4 b6 3. Nf3 Bb7 4. e3 d5 5. Nc3 e6 6. a3 Nbd7 7. cxd5 exd5 8. b4
Ne4 9. Qb3 Ndf6 10. Bd3 Be7 11. Ne5 O-O 12. Nxe4 dxe4 13. Bc4 Bd5 14. Bxd5 Qxd5
15. Qxd5 Nxd5 16. Nc6 Bd6 17. b5 a6 18. bxa6 Rxa6 19. Bb2 Rfa8 20. O-O Bxa3 21.
Bxa3 Rxa3 22. Rxa3 Rxa3 23. Ne5 f5 24. h3 g6 25. Rb1 Nc3 26. Rb2 Ra1+ 27. Kh2
Rb1 28. Rc2 Nd5 29. Kg3 Kg7 30. Nc4 Ra1 31. Rb2 Ra4 32. Ne5 Rb4 33. Rc2 h6 34.
Rc6 Rb3 35. Nxg6 Rc3 36. Ne5 f4+ 37. Kg4 fxe3 38. Rxc3 Nxc3 39. fxe3 Nd5 40. Nc4
b5 41. Nd2 Nxe3+ 42. Kg3 Nf5+ 0-1

[Event "Challenge"]
[Site "http://www.queenalice.com/game.php?id=1191550"]
[Date "2013.6.16"]
[Round "-"]
[White "Endgamer"]
[Black "fougalios"]
[Result "0-1"]
[WhiteElo "1857"]
[BlackElo "1897"]

1. d4 d5 2. Nf3 c6 3. Bf4 Bf5 4. c3 e6 5. Nbd2 Nd7 6. e3 Ngf6 7. Be2 Qb6 8. Qb3
Be7 9. h3 h6 10. Ne5 Nxe5 11. Bxe5 O-O 12. Nf3 Nd7 13. Bg3 Bf6 14. Ne5 Nxe5 15.
Bxe5 Bxe5 16. dxe5 c5 17. Qxb6 axb6 18. Bb5 Ra5 19. Bc6 Rb8 20. Kd2 bxc6 0-1

[Event "Challenge"]
[Site "http://www.queenalice.com/game.php?id=1207421"]
[Date "2013.8.12"]
[Round "-"]
[White "Endgamer"]
[Black "carver"]
[Result "0-1"]
[WhiteElo "1865"]
[BlackElo "1994"]

1. d4 d5 2. Nf3 Nc6 3. Bf4 Bf5 4. Nbd2 Nb4 5. e4 dxe4 6. c3 exf3 7. cxb4 fxg2 8.
Bxg2 c6 9. Nb3 e6 10. Qd2 Qb6 11. a3 Rd8 12. Qc3 Ne7 13. Rd1 Nd5 14. Bxd5 Rxd5
15. O-O Bd6 16. Bg3 Qc7 17. Rfe1 O-O 18. Bxd6 Qxd6 19. Nc5 b6 20. Ne4 Bxe4 21.
Rxe4 Rg5+ 22. Kh1 f5 23. Re5 Rf6 24. f4 Rg4 25. Qe3 Rh6 26. Rg1 Rgh4 27. Rg2 Rh3
28. Qd2 Kf7 29. Kg1 Rg6 30. Rxg6 hxg6 31. a4 Rb3 0-1